| 000 | 00904cab a2200289 4500 | ||
|---|---|---|---|
| 001 | ABS50320 | ||
| 008 | 090401t1994 xxu||||| |||| 00| 0 eng d | ||
| 035 | _a(Sirsi) u75283 | ||
| 041 | _aeng | ||
| 100 | _aMabey, R. | ||
| 245 | _aPlanning guidelines for coal | ||
| 260 | _c1994 | ||
| 350 | _a0 | ||
| 490 |
_aMineral Planning _v(58) March 1994, 3-8(6) |
||
| 520 | _aExplains the DoE draft revised guidelines MPG3 relation to changes in the coal industry and its statutory framework. Also stresses factors such as preparation of development plans and handling specific proposals. | ||
| 650 | _aCOAL INDUSTRY | ||
| 650 | _aCOAL REVIEW | ||
| 650 | _aDEEP MINES | ||
| 650 | _aLAND BANKS | ||
| 650 | _aMINERAL PLANNING GUIDANCE NOTE 3 | ||
| 650 | _aMPG3 | ||
| 650 | _aOPENCAST MINING | ||
| 650 | _aPLANNING POLICY | ||
| 690 | _aMINING AND MINERALS | ||
| 942 | _n0 | ||
| 948 | _c04/03/1997 | ||
| 999 |
_c47425 _d47425 |
||